000 00514nam a2200169Ia 4500
999 _c29928
_d29928
003 OSt
005 20201209142834.0
008 190216s9999||||xx |||||||||||||| ||und||
040 _coclc
082 _a894.8124
_bMUR/K
100 _aMurukesan, S S
_97048
245 0 _aKeralathile Thamizhchettikal :
_bSwathwavum Bhashayum /
_cS S Murukesan
260 _bRamambika Books,
_c2009.
_aCalicut:
300 _a392p
650 _aMalayalam
942 _cBK
_2ddc
_h894.8124
_iMUR/K
_k894.8124
_mMUR/K